| 000 | 00941nam a2200253 a 4500 | ||
|---|---|---|---|
| 008 | 951027s1989||||[C 0 slo c | ||
| 020 |
_a8022000698 _c19 Kčs. _q(4000 výtl.) |
||
| 040 |
_aSNK _bslo _cSNK _eAACR2 |
||
| 041 | 1 |
_aslo _hrus |
|
| 044 |
_axo _cSK |
||
| 080 | _a882-3 | ||
| 100 | 1 |
_aMakanin, Vladimir _4aut |
|
| 245 | 1 | 0 |
_aSám a sama _cVladimir Makanin ; Mária Hulmanová, Milan Tokár, Věruna Melčáková-Juneková, Věruna pozri Melčáková-Juneková Juneková-Melčáková |
| 250 | _a1., vyd. | ||
| 260 |
_aBratislava _bSlovenský spisovateľ _c1989 _eŽilina _fPravda |
||
| 300 |
_a229 s., 13,34 AH _c21 cm |
||
| 490 | 0 | _aNová sovietska tvorba | |
| 500 | _aIlustr. na front. Brož. 13,80 Kčs. | ||
| 700 | 1 |
_aHulmanová, Mária _4trl |
|
| 700 | 1 |
_aTokár, Milan _4[ADC] |
|
| 700 | 1 |
_aMelčáková-Juneková, Věruna _4bkd |
|
| 700 | 1 |
_aJuneková-Melčáková, Věruna pozri Melčáková-Juneková _4bkd |
|
| 958 | _aA | ||
| 999 |
_c12236 _d12236 |
||